| 000 | 01710nam a22003017a 4500 | ||
|---|---|---|---|
| 005 | 20140311165738.0 | ||
| 010 | _aENG-109537 | ||
| 020 |
_c650.00 _a9781259097362 |
||
| 020 |
_c650.00 _a1259097366 |
||
| 035 | _aEN-93070 | ||
| 037 | _bDBAD/PUB | ||
| 082 | _a658.5 | ||
| 100 | _aSchroeder, Roger G. | ||
| 245 | 0 | 0 |
_aOperations management in the supply chain : _cby Roger G. Schroeder, Susan Meyer Goldstein [and] M. Johnny Rungtusanatham _bdecisions and cases / |
| 250 | _a6th ed | ||
| 260 |
_aNew Delhi _bMcGraw Hill Education (India) _c2013 |
||
| 270 |
_aP-24, Green Park Extn. _bNew Delhi _e110016 |
||
| 300 |
_axviii,558p.: _c26cm(pbk) _bill. |
||
| 490 | _a The McGraw-Hill/Irwin series in operations and decision sciences | ||
| 500 | _a Includes bibliographical references and index. | ||
| 505 | _aPart 1: Introduction. The operations function ; Operations and supply chain strategy ; Product design -- Part 2: Process design. Process selection ; Service delivery system design ; Process-flow analysis ; Lean thinking and Lean systems -- Part 3: Quality. Managing quality ; Quality control and improvement -- Part 4: Capacity and scheduling. Supply chain management ; Forecasting ; Supplement: Advanced methods ; Capacity planning ; Scheduling operations ; Project planning and scheduling -- Part 5: Inventory. Independent demand inventory ; Supplement: Advanced methods ; Materials requirements planning and ERP -- Part 6: Case studies. | ||
| 650 | _a Production management. | ||
| 650 |
_a Production management _vCase studies. |
||
| 650 | _a Decision making. | ||
| 700 | _aGoldstein, Susan Meyer | ||
| 700 | _aRungtusanatham, M. Johnny | ||
| 942 |
_2ddc _cEN _mSCH _h658.5 |
||
| 999 |
_c82928 _d82928 |
||